000
00230nam a2200097Ia 4500
008
240331s9999 xx 000 0 und d
082
_b
NEW
100
_a
McHenry,R. Ed
245
4
_a
The encyclopaedia Britannica :
_b
vol.11
942
_c
L
999
_c
3281
_d
3281